1598 1413 1944 1275 1344 1086 1944 1726 1022 1975 1289 1535 1354 1873 1715 1073 1228 1105 1398 1527 1700 1155 1720 1780 1395 1294 1714 1343 1023 1946 1766 1051 1506 1165 1538 1648 1305 1882 1685 1767 1416 1764 1891 1199 1324 1652 1165 1084 1862 1576 1943 1638 1027 1273 1181 1793 1100 1729 1665 1905 1073 1079 1260 1910 1414 1521 1711 1605 1679 1451 1918 1458 1802 1008 1114 1456 1469 1426 1700 1851 1822 1471 1531 1270 1953 1070 1966 1888 1716 1234 1809 1018 1225 1007 1781 1039 1231 1134 1585 BCNSPRNW ULIB Ver.6.0+V

เปลี่ยนเป็นภาษาไทย

Change to English
 แสดงรายละเอียดบรรณานุกรม
  กลับหน้าหลัก

Brief Record : Get Marc (ISO 2709) : E-mail record : QR code < ปิดหน้าต่าง
LEADER : 00000nam 2200000uu 4500
001    13399121658
003     ULIB
008    121128s2552||||th 000 0 tha d
020    ^a9789746608244
060 04 ^aWC515^bช530ข 2552
100 0  ^aชิษณุ พันธุ์เจริญ
245 00 ^aไข้หวัดใหญ่ โรคที่อาจร้ายกว่าที่คิด/^cบรรณาธิการ, ชิษณุ พันธุ์เจริญ ... [และคนอื่นๆ]
250    ^aพิมพ์ครั้งที่ 1
260    ^aกรุงเทพฯ :^bธนาเพรส,^c2552
300    ^a66 หน้า ;^c21 ซม.
650  7 ^aไข้หวัดใหญ่
650  7 ^aวัคซีนไข้หวัดใหญ่
700 0  ^aทวี โชติพิทยสุนนท์,^eบรรณาธิการ
700 0  ^aประเสรฐ ทองเจริญ,^eบรรณาธิการ
945    ^p90^l0^i15794
945    ^p90^l0^i15795
945    ^p90^l0^i15901
945    ^p90^l0^i15902
995    ^aกัณชพร
999 ^a ใช้งานได้ทุกระบบ
รายการนี้ยังไม่มีแท็ก
คุณยังไม่ได้ล็อกอิน คุณสามารถมีกิจกรรมร่วมกับเว็บไซต์ได้ แต่ต้องล็อกอินก่อน ::
  ล็อกอิน

รายการสื่อสารสนเทศ

ลำดับที่ ประเภท เลขเรียก/บาร์โค้ด สถานที่ สถานะ
- ไม่พบข้อมูล -

รายการใกล้เคียง
    ผู้แต่ง [ชิษณุ พันธุ์เจริญ]

    หัวเรื่อง [ไข้หวัดใหญ่]
    หัวเรื่อง [วัคซีนไข้หวัดใหญ่]

BibComment


ยังไม่เคยถูกคอมเมนท์

คอมเมนท์ทรัพยากรรายการนี้
  คอมเมนท์: ไข้หวัดใหญ่ โรคท..


 Copyright 2026. Bcnsprnw @Library